K tendenciám vývoja medzinárodného marketingu

Formy a trendy medzinárodného marketingu vo vzťahu k zmenám trhového prostredia Riadenie medzinárodného marketingu. Zmeny v marketingovom prostredí. Modifikácia marketingových stratégií. Prevratné technologické zmeny modifikujú prostredie a formy medzinárodného marketingu. Elektronické podnikanie a...

ver descrição completa

Na minha lista:
Detalhes bibliográficos
Autor principal: Urban, Eduard
Formato: Capítulo de Livro
Idioma:eslovaco
Assuntos:
Tags: Adicionar Tag
Sem tags, seja o primeiro a adicionar uma tag!

MARC

LEADER 00000naa$a2200000$$$4500
001 0008265
005 20231005083209.2
041 0 |a slo 
044 |a SK 
245 1 0 |a K tendenciám vývoja medzinárodného marketingu  |c aut. Eduard Urban 
520 |a Formy a trendy medzinárodného marketingu vo vzťahu k zmenám trhového prostredia Riadenie medzinárodného marketingu. Zmeny v marketingovom prostredí. Modifikácia marketingových stratégií. Prevratné technologické zmeny modifikujú prostredie a formy medzinárodného marketingu. Elektronické podnikanie a elektronický obchod. 
610 2 0 |a marketing medzinárodný 
610 2 0 |a obchod elektronický 
610 2 0 |a plán podnikateľský 
610 2 0 |a manažment 
610 2 0 |a zdroje finančné 
100 1 |a Urban, Eduard